Statistics for Country Subdivisions #2 UK

Click here to take the quiz!

General Stats

  • This quiz has been taken 54 times
  • The average score is 15 of 40

Answer Stats

AreaAnswer% Correct
CapitalLondon
85%
SouthSussex
70%
SouthCornwall
63%
SouthDevon
56%
NortheastEast Yorkshire
52%
EastEssex
52%
EastNorfolk
52%
NortheastNorth Yorkshire
52%
SouthKent
48%
NorthNorthumberland
48%
NorthCumbria
44%
NorthwestLancashire
44%
CentreLeicestershire
44%
SouthSomerset
44%
EastSuffolk
44%
CentreCambridgeshire
41%
CentreDerbyshire
41%
SouthDorset
41%
EastLincolnshire
41%
SouthOxfordshire
41%
SouthBuckinghamshire
37%
SouthHampshire
37%
SouthSurrey
37%
CentreWarwickshire
37%
NorthDurham
33%
SouthGloucestershire
33%
CentreNottinghamshire
33%
SouthHertfordshire
30%
CentreNorthamptonshire
30%
CentreStaffordshire
30%
SouthWiltshire
30%
WestWorcestershire
30%
WestEast Cheshire
26%
WestWest Cheshire
26%
NortheastCleveland
4%
NortheastMiddlesborough
4%
NorthwestBlackburn
0%
NorthDarlington
0%
NorthHartlepool
0%
NorthStockton
0%

Score Distribution

Percentile by Number Answered

Percent of People with Each Score

Your Score History

You have not taken this quiz